Project appraisal.

Bibliographic Details
New Title:Impact assessment
Impact assessment and project appraisal (Online)
Format: Journal
Language:English
Published: Guildford, Surrey : Beech Tree Publishing, ©1986-©1997.
Subjects:
Online Availability: Check for online availability

MARC

Tag First Indicator Second Indicator Subfields
LEADER 00000cas a2200000Ia 4500
001 in00002784070
005 20150922145302.0
006 m o d
007 cr |||||||||||
008 100809d19861997enkqr poo 0 a0eng d
022 |a 0268-8867  |l 0268-8867 
029 1 |a NZ1  |b 14325278 
035 |a (OCoLC)ocn654673335 
035 |a (OCoLC)654673335 
037 |b Beech Tree Publishing, 10 Watford Close, Guilford, Surrey GUI 2 EP, England 
040 |a OCLCE  |b eng  |c OCLCE  |d OCLCO  |d OCLCQ  |d TXA  |d UtOrBLW 
049 |a TXAM 
050 4 |a HD30.23  |b .P77 
082 0 4 |a 658.1505 
090 |a HD30.23  |b .P78 Electronic 
245 0 0 |a Project appraisal. 
264 1 |a Guildford, Surrey :  |b Beech Tree Publishing,  |c ©1986-©1997. 
310 |a Quarterly 
336 |a text  |b txt  |2 rdacontent 
337 |a computer  |b c  |2 rdamedia 
338 |a online resource  |b cr  |2 rdacarrier 
362 1 |a Began with: Vol. 1, no. 1 (Mar. 1986); ceased with: Vol. 12, no. 4 (Dec. 1997). 
580 |a Merged with: Impact assessment, to become: Impact assessment and project appraisal. 
588 |a Description based on: Vol. 1, no. 1 (Mar. 1986); title from PDF article running title (Taylor & Francis, viewed Nov. 21, 2012). 
588 |a Latest issue consulted: Vol. 12, no. 4 (Dec. 1997) (Taylor & Francis, viewed Nov. 21, 2012). 
500 |a Electronic resource. 
650 0 |a Cost effectiveness  |v Periodicals. 
650 0 |a Environmental impact analysis  |v Periodicals. 
650 0 |a Risk assessment  |v Periodicals. 
650 0 |a Technology assessment  |v Periodicals. 
650 0 |a Decision making  |v Periodicals. 
650 1 7 |a Economie.  |2 gtt 
776 0 8 |i Print version:  |t Project appraisal  |x 0268-8867  |w (DLC)sn 91027063  |w (OCoLC)16265132 
785 1 7 |t Impact assessment 
785 1 7 |t Impact assessment and project appraisal (Online)  |x 1471-5465  |w (OCoLC)48541935 
948 |a cataloged  |b h  |c 2012/11/21  |d c  |e spoltoratski  |f 2:23:38 pm  |g NCF 
994 |a C0  |b TXA 
999 |a MARS 
999 f f |s 5da780f0-09b3-3c98-a951-c885b2da2782  |i 56d7e16f-8775-379b-b3cd-9dc0287b7c74  |t 0 
952 f f |a Texas A&M University  |b College Station  |c Electronic Resources  |d Available Online  |t 0  |e HD30.23 .P78  |g Electronic  |h Library of Congress classification 
998 f f |a HD30.23 .P78  |t 0  |l Available Online